000 00680nam a2200229Ia 4500
003 OSt
005 20220925235530.0
006 a|||||r|||| 00| 0
007 ta
008 220923b |||||||| |||| 00| 0 eng d
037 _cGeneral Book
040 _aRTL
_cRTL
_beng
041 _2eng
_aeng
082 _aX:97.2.N8, M7
100 _aAsdhir Vijay
_9301403
245 0 _aIndustrial relations in India
_b Settlement of indu
260 _a New Delhi
_bDeep and Deep India
_c1987
300 _a376p. Bibliography p 369-74
_ccm.
650 _aIndustrial Relations
_9232314
942 _hX:97.2.N8, M7
_cGB
_2CC
999 _c597474
_d597474